[Event "St Denis op 21st"]
[Site "St Denis"]
[Date "2019.10.20"]
[Round "3"]
[White "Folio, Raphael"]
[Black "Goorsahye, Antoine"]
[Result "0-1"]
[WhiteElo "1440"]
[BlackElo "1786"]
[PlyCount "76"]
[EventDate "2019.10.20"]
[EventType "swiss"]
[EventRounds "9"]
[EventCountry "RUF"]
[SourceTitle "CBM 192 Extra"]
[Source "Chessbase"]
[SourceDate "2019.11.06"]
[SourceVersion "1"]
[SourceVersionDate "2019.11.06"]
[SourceQuality "1"]

1. d4 d5 2. Nf3 Nf6 3. e3 Bf5 4. Be2 e6 5. b3 c5 6. Bb2 Nc6 7. a3 Bd6 8. Nbd2 0-0 9. 0-0 cxd4 10. Nxd4 Nxd4 11. Bxd4 a6 12. c4 Rc8 13. b4 e5 14. c5 exd4 15. cxd6 d3 16. Bf3 Qxd6 17. h3 Rc3 18. Qa4 Rfc8 19. Rfe1 Ne4 20. Bxe4 dxe4 21. Qa5 Bg6 22. Rf1 Qe6 23. Kh2 h6 24. f4 exf3 25. Rxf3 Rc2 26. Rd1 b5 27. e4 Qe5+ 28. Kg1 Rxd2 29. Rxd2 Rc1+ 30. Kf2 Qd4+ 31. Re3 Bxe4 32. Qxa6 Qe5 33. Rexd3 Qf4+ 34. Ke2 Bxd3+ 35. Kxd3 Qg3+ 36. Ke4 Re1+ 37. Kd5 Qb3+ 38. Kd4 Qc4# 0-1

[Event "St Denis op 21st"]
[Site "St Denis"]
[Date "2019.10.20"]
[Round "1"]
[White "Folio, Raphael"]
[Black "Ramasindraibe, Girard"]
[Result "0-1"]
[WhiteElo "1440"]
[BlackElo "2150"]
[PlyCount "90"]
[EventDate "2019.10.20"]
[EventType "swiss"]
[EventRounds "9"]
[EventCountry "RUF"]
[SourceTitle "CBM 192 Extra"]
[Source "Chessbase"]
[SourceDate "2019.11.06"]
[SourceVersion "1"]
[SourceVersionDate "2019.11.06"]
[SourceQuality "1"]

1. d4 Nf6 2. Nf3 d5 3. e3 e6 4. Be2 Bd6 5. b3 0-0 6. Bb2 Nbd7 7. Nbd2 Qe7 8. 0-0 a5 9. c4 c6 10. c5 Bc7 11. Rc1 e5 12. dxe5 Ng4 13. Bd4 Ngxe5 14. Nxe5 Nxe5 15. Bxe5 Qxe5 16. Nf3 Qh5 17. g3 Bh3 18. Re1 Rae8 19. Qc2 Bc8 20. Rcd1 f5 21. Rd4 f4 22. e4 fxg3 23. fxg3 Rxf3 24. Rd3 Bg4 25. Bxf3 Bxf3 26. Rf1 Bxe4 27. Qc3 Bxd3 28. Qxd3 Re2 29. h3 Qe5 30. Rf3 Rxa2 31. Qf1 g6 32. Rf8+ Kg7 33. Rf7+ Kh6 34. Qc1+ g5 35. Rxh7+ Kxh7 36. Qb1+ Kg7 37. Qxa2 Qxg3+ 38. Qg2 Kg6 39. Kf1 Qxb3 40. Qg4 Qc4+ 41. Qxc4 dxc4 42. Ke2 Be5 43. Kf3 a4 44. Ke3 a3 45. Ke4 Kf6 0-1